Genetics: a molecular perspective (Record no. 44442)
[ view plain ]
| 000 -LEADER | |
|---|---|
| fixed length control field | 00761nam a2200193 a 4500 |
| 008 - FIXED-LENGTH DATA ELEMENTS--GENERAL INFORMATION | |
| fixed length control field | 090326s2003 ||||||||||||||||| || u |
| 020 ## - INTERNATIONAL STANDARD BOOK NUMBER | |
| International Standard Book Number | 0130085308 |
| 050 ## - LIBRARY OF CONGRESS CALL NUMBER | |
| Classification number | QH 442 Klu |
| 100 ## - MAIN ENTRY--PERSONAL NAME | |
| Personal name | Klug, William S |
| 245 10 - TITLE STATEMENT | |
| Title | Genetics: a molecular perspective |
| Statement of responsibility, etc. | William S. Klug and Michael R. Cummings |
| 260 ## - PUBLICATION, DISTRIBUTION, ETC. | |
| Place of publication, distribution, etc. | Upper Saddle River, NJ |
| Name of publisher, distributor, etc. | Pearson |
| Date of publication, distribution, etc. | 2003 |
| 300 ## - PHYSICAL DESCRIPTION | |
| Extent | xxvii, 691p.: ill. + CD-ROM |
| 350 ## - PRICE (NR) (BK AM CF MU VM SE) [OBSOLETE] | |
| Price | 0.00 |
| 500 ## - GENERAL NOTE | |
| General note | Accompanied by 1 CD-ROM available in the Reference Librarian's Office |
| 650 ## - SUBJECT ADDED ENTRY--TOPICAL TERM | |
| Topical term or geographic name entry element | MOLECULAR GENETICS |
| 650 #0 - SUBJECT ADDED ENTRY--TOPICAL TERM | |
| Topical term or geographic name entry element | GENETICS |
| 700 ## - ADDED ENTRY--PERSONAL NAME | |
| Personal name | Cummings, Michael R |
| 995 ## - RECOMMENDATION 995 [LOCAL, UNIMARC FRANCE] | |
| -- | 0.00 |
| -- | CBU-MAIN LIBRARY (Kitwe) |
| -- | 1 |
| -- | 0.00 |
| -- | 1 |
| -- | AVAILABLE |
| -- | Apr 27, 2009 |
| -- | Main Library Open Access Collection |
| Withdrawn status | Lost status | Source of classification or shelving scheme | Damaged status | Not for loan | Home library | Current library | Shelving location | Date acquired | Total Checkouts | Full call number | Barcode | Date last seen | Date last checked out | Price effective from | Koha item type |
|---|---|---|---|---|---|---|---|---|---|---|---|---|---|---|---|
| CBU-MAIN LIBRARY, KITWE. | CBU-MAIN LIBRARY, KITWE. | 11/30/2022 | 1 | QH 442 Klu | 739913 | 01/15/2024 | 01/12/2024 | 11/30/2022 | MONOGRAPH |